000 nam a22 7a 4500
999 _c7580
_d7580
008 170921b xxu||||| |||| 00| 0 eng d
100 _94094
_aSPAKESPEARE.W
245 _aTWELFTH NIGHT
260 _aNew Delhi
_bHar Anand
_c2017